Statistiken für Ligue 1 (Frankreich) Top 4

Klicken Sie hier um das Quiz zu spielen!

Allgemein

  • Dieses Quiz wurde 405 mal gespielt
  • Das Durchschnittsergebnis liegt bei 11 aus 16

Antwortstatistiken

Antwort% Korrekt
Paris Saint-Germain
99%
Olympique Lyon
97%
Olympique Marseille
97%
AS Monaco
90%
Lille OSC
87%
Girondins Bordeaux
75%
OGC Nizza
71%
Stade Rennes
71%
AS Saint-Étienne
69%
FC Nantes
66%
Racing Club de Lens
66%
Montpellier HSC
65%
FC Toulouse
55%
FC Metz
38%
AJ Auxerre
37%
AS Nancy
21%

Verteilung der Resultate

Perzentil nach korrekt beantworteten Fragen

Anzahl Personen mit jedem Resultat

Ihre Resultats-Entwicklung

Sie haben dieses Quiz noch nicht gespielt